Advances in Catalysis Vol. 40

Guardado en:
Detalles Bibliográficos
Otros Autores: Eley, Daniel Douglas, Pines, Herman, Haag, Werner O.
Formato: Libro
Lenguaje:inglés
Publicado: New York Academic Press 1994
Edición:1.ed.
Materias:
Acceso en línea:Ver en el OPAC
Etiquetas: Agregar Etiqueta
Sin Etiquetas, Sea el primero en etiquetar este registro!

MARC

LEADER 00000nam a2200000 a 4500
005 20260127134254.0
008 090515 1994 xxu 000 0 eng d
020 |a 0120078406 
035 |a vtls009512841 
039 9 |a 200905150858  |b mschk03  |y 200905150848  |z mschk03 
040 |a STUSCHK1  |b slo  |c STUSCHK1  |e AACR2 
080 |a 542.97(082) 
245 1 |a Advances in Catalysis  |n Vol. 40  |c Edited by D.D. Eley, Herman Pines,Werner O. Haag 
250 |a 1.ed. 
260 |a New York  |b Academic Press  |c 1994 
300 |a x, 282 p.  |b ill.  |c 23,5 cm 
650 0 |a Catalysis 
650 0 |a Chemistry 
700 1 |a Eley, Daniel Douglas 
700 1 |a Pines, Herman 
700 1 |a Haag, Werner O. 
910 |a SCHK95 
919 |a 0-12-007840-6 
999 |c 8444  |d 8444